Представление документа в формате RUSMARC

ПолеНазваниеЗначение
  Тип записи a
  Библиографический уровень m
001 Контрольный номер 79190168e3e24078ac18930e75682e12
005 Дата корректировки 20140527110540.0
010 Индекс ISBN __
a ISBN 5-476-00200-6
101 Язык документа 0_
a Язык текста rus
102 Страна публикации __
a Страна публикации RU
200 Заглавие и сведения об ответственности 1_
a Заглавие Бухучет в розничной торговле. Образцы заполнения документов
e Сведения, относящиеся к заглавию практ. пособие
f Первые сведения об ответственности М. Н. Агафонова
210 Выходные данные 1_
c Издательство ГроссМедиа
a Место издания Москва
d Дата издания 2007
215 Физическое описание __
a Объем 447,[1] с.
225 Серия 2_
a Серия От новичка до профи
610 Ключевые слова 0_
a Ключевые слова бухгалтерский учет
610 Ключевые слова 0_
a Ключевые слова розничная торговля
610 Ключевые слова 0_
a Ключевые слова документы
610 Ключевые слова 0_
a Ключевые слова документооборот в торговле
610 Ключевые слова 0_
a Ключевые слова практическое пособие
686 Индексы других классификаций __
a Классификационный индекс 65.052.9(2)242
2 Код системы rubbk
700 Автор _1
a Фамилия Агафонова
b Имя М. Н.
g Полное личное имя Марина Николаевна
801 Источник записи _0
a Страна RU
b Организация РУК
c Дата составления 20061206
g Правила каталогизации PSBO
801 Источник записи _1
a Страна RU
b Организация РУК
c Дата составления 20061206
g Правила каталогизации PSBO
852 Данные о местонахождении __
j Шифр хранения ББК 65.052
i Авторский знак А 23
901 Тип документа __
t Тип документа m
938 Служебная информация __
a Название организации Головной вуз
b Имя БД BOOK
c Название АИБС АИБС ИРБИС